000 01468cam a2200241 4500
008 000000n2001 000 0 eng u
035 _a(Sirsi) u111492
100 _aGreene, K.
245 _aUnder obligation
260 _c2001
490 _aBuilding Services Journal
_vMarch 2001, 41(1)
520 _aDiscusses the issue of negligent design. With reference to a number of cases, considers in what circumstances a designer is under continuing obligation to review a design, and at what stage his accountability ends. Looks in particular at the period of limitation, and conditions of appointment. Notes that proceedings must commence within the limitation period - six years for a simple contract - or they will be statute-barred. Concludes that between completion of a design and its embodiment in the structure, the consultant has a duty to review it, and before practical completion he also has the opportunity to put right any defects. Notes that the problems arise if the designer becomes aware of a defect after practical completion.
650 _aDESIGN
650 _aNEGLIGENCE
650 _aCONDITIONS OF ENGAGEMENT
650 _aLIMITATION PERIODS
650 _aCONSULTANTS
650 _aNEW ISLINGTON AND HACKNEY HOUSING ASSOCIATION V POLLARD THOMAS AND EDWARDS LTD
650 _aTOZER KEMSLEY & MILLBURN (HOLDINGS) LTD V J JARVIS & SONS LTD
690 _aBUILT ENVIRONMENT-CONSTRUCTION DESIGN
700 _aFrancis, C.
942 _n0
999 _c66437
_d66437